000 00720nam a2200241Ia 4500
008 220216s9999 xx 000 0 und d
100 _aPremakumari D.
245 0 _aGenetic influence for intraclonal variations and associations of juvenile yield and girth in thirteen Hevea clones grown in Kanyakumari region of South India
260 _bIndian Journal of Natural Rubber Research
_c2002
300 _a28-32
650 _aGrafting
650 _aJuvenile yield
650 _aKanyakumari
650 _aMonoculture
650 _aProductivity
650 _aStock scion
650 _aVariability
700 _aJohn A.
700 _aNair R.B.
700 _aNazeer M.A.
700 _aSoman T.A.
942 _cBS
999 _c48990
_d48990